U.S. States/Districts That Voted For Biden in 2020 - Statistics

General Stats
  • This quiz has been taken 764 times
  • The average score is 17 of 26
Answer Stats
% Votes % > Trump Answer % Correct
63.5% 29.2% California
92%
60.9% 23.1% New York
87%
58.0% 19.2% Washington
80%
53.1% 9.1% Maine
79%
56.5% 16.1% Oregon
78%
66.1% 35.4% Vermont
78%
52.7% 7.4% New Hampshire
77%
50.0% 1.2% Pennsylvania
74%
49.4% 0.3% Arizona
71%
65.6% 33.5% Massachusetts
71%
59.3% 20.1% Connecticut
69%
50.6% 2.8% Michigan
69%
57.3% 15.9% New Jersey
67%
59.4% 20.8% Rhode Island
66%
49.5% 0.2% Georgia
65%
58.7% 19.0% Delaware
63%
65.4% 33.2% Maryland
62%
50.1% 2.4% Nevada
60%
57.5% 17.0% Illinois
59%
63.7% 29.5% Hawaii
58%
49.4% 0.6% Wisconsin
58%
54.1% 10.1% Virginia
56%
52.4% 7.1% Minnesota
53%
55.4% 13.5% Colorado
51%
54.3% 10.8% New Mexico
51%
92.1% 86.8% District of Columbia
46%
No matching quizzes found
Score Distribution
Percent of People with Each Score
Percentile by Number Answered
Your Score History
You have not taken this quiz